| 000 | 01147cam a2200301 4500 | ||
|---|---|---|---|
| 008 | 090401t1991 xxu||||| |||| 00| 0 eng d | ||
| 020 | _a0854065032 | ||
| 035 | _a(Sirsi) u53647 | ||
| 041 | 0 | _aeng | |
| 050 | 0 | 4 | _a333.33026 $2 18 |
| 090 | _a343.4107 | ||
| 090 | _aRICS 1991/20ABCD | ||
| 110 | 2 |
_aRoyal Institution of Chartered Surveyors _94900 |
|
| 245 | 0 | 0 |
_aPutting the Estate Agents Act 1979 and its orders and regulations into practice _bguidance for estate agents |
| 260 |
_aLondon _bRICS Books _c1991 |
||
| 300 |
_a24p. _c30cm. |
||
| 350 | _a9.95 | ||
| 490 | 0 | _aRICS Guidance Note | |
| 520 | _aSuperseded by second edition "Putting the Estate Agents Act 1979 and the Property Misdescriptions Act 1991 into practice : guidance for estate agents" (ISBN 085406575X). | ||
| 650 | 2 | 4 | _aESTATE AGENTS (PROVISION OF INFORMATION) REGULATIONS 1991 |
| 650 | 2 | 4 | _aESTATE AGENTS (SPECIFIED OFFENCES) ORDER 1991 |
| 650 | 2 | 4 | _aESTATE AGENTS (UNDESIRABLE PRACTICES) REGULATIONS 1991 |
| 650 | 2 | 4 | _aESTATE AGENTS ACT 1979 |
| 651 | 4 |
_aEngland and Wales _y1543- |
|
| 690 | _aPROPERTY-PROPERTY AGENCY | ||
| 942 | _n0 | ||
| 948 | _c04/03/1997 | ||
| 999 |
_c93314 _d93314 |
||